Analysis for investment decisions /
Gespeichert in:
| 1. Verfasser: | |
|---|---|
| Format: | Buch |
| Sprache: | English |
| Veröffentlicht: |
London :
Haymarket Publishing,
1974.
|
| Schriftenreihe: | Modern finance series
Accountancy age books |
| Schlagworte: |
| LEADER | 01211cam a2200337 a 4500 | ||
|---|---|---|---|
| 001 | c000185834 | ||
| 003 | CARM | ||
| 005 | 20050830152351.0 | ||
| 008 | 750703s1974 enk b 001 0 eng | ||
| 010 | |a 75317342 //r98 | ||
| 015 | |a GB75-08687 | ||
| 019 | 1 | |a 270624 |z 23884396 |z 22428439 |z 27519337 |5 LACONCORD2021 | |
| 020 | |a 0900442387. | ||
| 020 | |a 0900442573(pbk. :) |c £2.50 | ||
| 035 | |a (OCoLC)1531093 |5 LACONCORD2021 | ||
| 040 | |a LC |b eng |c LC |d LC | ||
| 050 | 0 | 0 | |a HG4521 |b .C283 |
| 082 | 0 | 0 | |a 658.4/03 |
| 100 | 1 | |a Carsberg, Bryan V. | |
| 245 | 1 | 0 | |a Analysis for investment decisions / |c Bryan Carsberg. |
| 260 | |a London : |b Haymarket Publishing, |c 1974. | ||
| 300 | |a xv, 230 p. ; |c 22 cm. | ||
| 490 | 0 | |a Modern finance series | |
| 490 | 0 | |a Accountancy age books | |
| 504 | |a Includes bibliographical references and index. | ||
| 650 | 0 | |a Investment analysis. | |
| 650 | 0 | |a Investments |x Mathematical models. | |
| 650 | 0 | |a Decision-making |x Mathematical models. | |
| 852 | 8 | |b CARM |h A2:AL25A0 |i B05582 |p 0258203 |f BK | |
| 999 | f | f | |i f8570bf1-d914-51ed-a9ca-d9a2ae0a0845 |s f519ad0f-5c3f-5271-bded-0c9686d4f8cc |
| 952 | f | f | |p Can circulate |a CAVAL |b CAVAL |c CAVAL |d CARM 1 Store |e B05582 |f A2:AL25A0 |h Other scheme |i book |m 0258203 |